The modern dictionary of military terms : (Record no. 26069)
[ view plain ]
| 000 -LEADER | |
|---|---|
| fixed length control field | 01023nam a22002295a 4500 |
| 005 - DATE AND TIME OF LATEST TRANSACTION | |
| control field | 20180204112040.0 |
| 008 - FIXED-LENGTH DATA ELEMENTS--GENERAL INFORMATION | |
| fixed length control field | 180204s2006 ua a frd 000 0 eng d |
| 020 ## - INTERNATIONAL STANDARD BOOK NUMBER | |
| International Standard Book Number | 9772717948 |
| 040 ## - CATALOGING SOURCE | |
| Original cataloging agency | EG-ScBUE |
| Language of cataloging | eng |
| Transcribing agency | EG-ScBUE |
| 041 1# - LANGUAGE CODE | |
| Language code of text/sound track or separate title | eng |
| -- | ara |
| Language code of original and/or intermediate translations of text | eng |
| 082 04 - DEWEY DECIMAL CLASSIFICATION NUMBER | |
| Classification number | 355.003 |
| Item number | ف ؤ ا |
| Edition number | 22 |
| 100 1# - MAIN ENTRY--PERSONAL NAME | |
| Personal name | Fouad, Esam Mohamed. |
| 245 14 - TITLE STATEMENT | |
| Title | The modern dictionary of military terms : |
| Remainder of title | a comprehensive military encyclopedia = قاموس المصطلحات العسكرية الحديث : موسوعة عسكرية شاملة : إنجليزي - عربي / |
| Statement of responsibility, etc | Esam Mohamed Fouad. |
| 246 31 - VARYING FORM OF TITLE | |
| Title proper/short title | قاموس المصطلحات العسكرية الحديث : |
| Remainder of title | موسوعة عسكرية شاملة : إنجليزي - عربي |
| 260 ## - PUBLICATION, DISTRIBUTION, ETC. (IMPRINT) | |
| Place of publication, distribution, etc | Cairo : |
| Name of publisher, distributor, etc | Ibn Sina book shop, |
| Date of publication, distribution, etc | 2006. |
| 300 ## - PHYSICAL DESCRIPTION | |
| Extent | 992 p. : |
| Other physical details | ill. ; |
| Dimensions | 24 cm. |
| 650 #7 - SUBJECT ADDED ENTRY--TOPICAL TERM | |
| Topical term or geographic name as entry element | Military art and science |
| Form subdivision | Dictionaries. |
| Source of heading or term | BUEsh |
| 650 #7 - SUBJECT ADDED ENTRY--TOPICAL TERM | |
| Topical term or geographic name as entry element | Military art and science |
| Form subdivision | Dictionaries |
| General subdivision | Arabic. |
| Source of heading or term | BUEsh |
| 651 ## - SUBJECT ADDED ENTRY--GEOGRAPHIC NAME | |
| Source of heading or term | BUEsh |
| 653 ## - INDEX TERM--UNCONTROLLED | |
| Resource For college | Generalities |
| -- | |
| -- | BAEPS, Political Science |
| Arrived date list | February2018 |
| 942 ## - ADDED ENTRY ELEMENTS (KOHA) | |
| Source of classification or shelving scheme | Dewey Decimal Classification |
| Withdrawn status | Item status | Source of classification or shelving scheme | Damaged status | Not for loan | Home library | Current library | Shelving location | Date acquired | Total Checkouts | Full call number | Barcode | Date last seen | Koha item type |
|---|---|---|---|---|---|---|---|---|---|---|---|---|---|
| Dewey Decimal Classification | Central Library | Central Library | Ground Floor | 04/02/2018 | 355.003 ف ؤ ا | 000042905 | 15/07/2025 | Reference (NB) |